| 000 | 01286nam a2200373 c 4500 | ||
|---|---|---|---|
| 001 | 47759 | ||
| 003 | ES-MaCES | ||
| 005 | 20160615113452.0 | ||
| 008 | 160610s2016 us 000 | eng d | ||
| 020 | _a9780393239355 (hardcover) | ||
| 040 |
_aES-MaCES _bspa _cES-MaCES |
||
| 100 | 1 |
_aBrynjolfsson, Erik _936974 |
|
| 245 | 1 | 4 |
_aThe second machine age _b: work, progress, and prosperity in a time of brilliant technologies _cErik Brynjolfsson, Andrew McAfee |
| 250 | _a1st ed | ||
| 260 |
_aNew York _aLondon _bW. W. Norton & Company _c2016 |
||
| 300 |
_aXIV, 306 p. _bgráf. bl. y n. _c21 cm |
||
| 500 | _aÍndices | ||
| 541 | _cCompra | ||
| 650 | 4 |
_anuevas tecnologías _930788 |
|
| 650 | 4 |
_atecnología de la información _930104 |
|
| 650 | 4 |
_acambio tecnológico _928236 |
|
| 650 | 4 |
_aconsecuencias económicas _927082 |
|
| 650 | 4 |
_acondiciones de trabajo _928327 |
|
| 650 | 4 |
_aconsecuencias sociales _927288 |
|
| 650 | 4 |
_acambio social _927286 |
|
| 650 | 4 |
_acondiciones de vida _927111 |
|
| 650 | 4 |
_adesarrollo económico y social _929234 |
|
| 650 | 4 |
_arepertorio de recomendaciones prácticas _929261 |
|
| 650 | 4 |
_afuturo _928901 |
|
| 653 | 1 | 0 | _aCiencias Sociales-Políticas |
| 700 | 1 |
_936975 _aMcAfee, Andrew |
|
| 902 | _aLIB Libro | ||
| 942 |
_2CES _cBK _h7.0. |
||
| 999 |
_c47759 _d47759 |
||